| 000 | 01685 a2200265 4500 | ||
|---|---|---|---|
| 003 | Nust | ||
| 005 | 20230726122643.0 | ||
| 010 | _a 97016040 | ||
| 020 | _a0195473701 | ||
| 040 | _cNust | ||
| 082 | 0 | 0 | _a621.382,LAT |
| 100 | 1 | _aLathi, B. P. | |
| 245 | 1 | 0 |
_aModern digital and analog communication systems / _cB.P. Lathi. |
| 250 | _a3rd ed. | ||
| 260 |
_aNew York : _bOxford University Press, _c1998. |
||
| 300 |
_axiii, 781 p. : _bill. ; _c25 cm. |
||
| 440 | 4 |
_aThe Oxford series in electrical and computer engineering _997944 |
|
| 505 | _aIntroduction (Page-1), Introduction to Signals (Page-14), Analysis and Transmission of Signals (Page-71), Amplitude Linear Modulation (Page-151), Angle (Exponential) Modulation (Page-208), Sampling and Pulse Coding Modulation (Page-251), Principles of Digital Data Transmission (Page-294), Emerging Digital Communications Technologies (Page-354), Some Recent Developments and Miscellaneous Topics (Page-404), Introduction to Theory of Probability (Page-434), Random Processes (Page-487), Behavior of Analog Systems in the Presence of Noise (Page-532), Behavior of Digital Communication Systems in the Presence of Noise (Page-577), Optimum Signal Detection (Page-626), Introduction to Information Theory (Page-679), Error Correcting Codes (Page-728). | ||
| 650 | 0 |
_aDigital communications. _9237 |
|
| 650 | 0 |
_aStatistical communication theory. _997448 |
|
| 650 | 0 |
_aTelecommunication systems. _921843 |
|
| 856 | 4 | 2 |
_3Publisher description _uhttp://www.loc.gov/catdir/enhancements/fy0605/97016040-d.html |
| 856 | 4 | 2 |
_3Table of contents only _uhttp://www.loc.gov/catdir/enhancements/fy0605/97016040-t.html |
| 942 |
_2ddc _cBK _k621.382,LAT |
||
| 999 |
_c177565 _d177565 |
||